00966 2200313 4500001002100000005001500021035002500036007000300061008004100064020002200105040001700127041001300144082001700157084001900174090002300193090002100216100003900237245010800276250001100384260004500395300002900440500004800469504003000517650003300547700001800580850001200598999002100610990002100631INLIS00000000003281320190924075656 a0010-121700000000086ta171219s2017 yoi g 0 ind d a978-602-6541-06-2 aYOPDYOGbind0 aindgara04223a297.7701 a297.7701 Afi F aDEP 297.7701 Afi F aCB-D.11 2017-7030 aAfifuddin Harisah,d1973-epenulis1 aFilsafat pendidikan Islam :bprinsip dan dasar pengembangan /cAfifuddin Harisah; editor, Azizah Rasyid aCet. 1 aYogyakarta :bLembaga Ladang Kata,c2017 aviii, 144 hlm. ;c23 cm. aTeks dalam bahasa Indonesia dan bahasa Arab aBibliografi: hlm. 135-141 4aPendidikan Islam--xFilsafat0 aAzizah Rasyid aYOPDYOG aCB-D.11/2017-703 aCB-D.11/2017-703